| 000 | 00000nas##2200000za#4500 |
|---|---|
| 001 | 9.504283 |
| 003 | CaOODSP |
| 005 | 20230801131708 |
| 007 | cr ||||||||||| |
| 008 | 150406c2012||||xxc|| m o||||f| |0fre|d |
| 040 | |aCaOODSP|bfre |
| 043 | |an-cn--- |
| 086 | 1 |aPS83-7F-PDF |
| 110 | 2 |aService correctionnel Canada. |bDirection de la recherche. |
| 245 | 10|aSommaire de recherche externe |h[ressource électronique] |
| 260 | |aOttawa - Ontario : |bService correctionnel Canada. |cJuillet 2012 -. |
| 310 | |aIrrégulier |
| 362 | 1 |aN° 12-01 -- |
| 775 | 08|tExternal research summary |w(CaOODSP)9.507898 |